Anteproyecto de presupuesto extraordinario de 487500,000 pesetas para modernización de servicios y construcción de caminos y enlaces / Diputación Provincial de Barcelona
Descripción Física:
35 p. ; 24 cm
MARC
| LEADER | 00000nam a2200000Ia 4500 | ||
|---|---|---|---|
| 001 | 19670 | ||
| 008 | 160829s1959 xx 000 0 cat d | ||
| 080 | |a FU-10-21 | ||
| 110 | 1 | |a Barcelona (Catalunya : Província). |b Diputació |9 52408 | |
| 245 | |a Anteproyecto de presupuesto extraordinario de 487500,000 pesetas para modernización de servicios y construcción de caminos y enlaces / Diputación Provincial de Barcelona | ||
| 260 | |a Barcelona : |b Casa Provinical de Caridad Imprenta - Escuela, |c 1959 | ||
| 300 | |a 35 p. ; |c 24 cm | ||
| 590 | |a Prové de J-1451, exp. 9 | ||
| 610 | 1 | 0 | |a Barcelona (Catalunya : Província). |b Diputació |x Assignacions pressupostàries i despeses |9 53789 |
| 650 | |a Camins |x Pressupostos |9 47350 | ||
| 901 | |a Arxiu | ||
| 942 | |n 1 | ||
| 952 | |0 0 |1 0 |4 0 |6 FU1021 |7 1 |9 53828 |a Arxiu |b Arxiu |d 2016-12-01 |l 0 |o FU-10-21 |p 19670 |r 2016-12-01 00:00:00 |w 2016-12-01 |y ARXIU | ||
| 999 | |c 57694 |d 57694 | ||